| 000 | 00795nam a2200229Ia 4500 | ||
|---|---|---|---|
| 003 | GCL | ||
| 008 | 140319s9999 xx 000 0 ara d | ||
| 020 | _a8134345977 | ||
| 040 |
_aGCL / _cGCL |
||
| 082 | 0 | 4 |
_aط _b005.3 _bم ب |
| 100 | 1 | _aماران، روث | |
| 245 | 1 | 0 |
_aالبريد الاليكترونى / _cماران، روث |
| 260 |
_a[S.N] : _bWILEY ، _c2001 |
||
| 260 |
_aالقاهرة : _bدار الفاروق للنشر والتوزيع ، _c2001 |
||
| 300 |
_a32 ص ؛ _c28 سم |
||
| 490 |
_aسلسلة الكمبيوتر للأطفال _v0 |
||
| 650 | 0 | 4 | _aالحاسبات الالكترونية |
| 650 | 0 | 4 | _aنظم المعلومات |
| 650 | 0 | 4 | _aاختزان واسترجاع المعلومات |
| 650 | 0 | 4 | _aالبريد الالكترونى |
| 942 |
_2ddc _cBK |
||
| 999 |
_c5288 _d5288 |
||